000 00504nam a22001937a 4500
005 20260515115027.0
008 240827b |||||||| |||| 00| 0 eng d
020 _a9788119679171
040 _aIN-DiNC
_cIN-DiNC
041 _dasm
082 _a398.054162
_bNAT
100 _aNath, Dipen
_eauthor
245 _aAsamar sanskritir swarup/
_cby Dipen Nath
250 _a1st ed.
260 _aJorhat:
_bBidya bhawan,
_c2024.
300 _a239p.
650 _aNature of Assamese culture
942 _2ddc
_cBK
999 _c11865
_d11865